Communicating for development : a practical guide /
Saved in:
| 主要作者: | |
|---|---|
| 其他作者: | |
| 格式: | 圖書 |
| 語言: | 英语 |
| 出版: |
Nairobi :
Lutheran World Federation,
c1990.
|
| 版: | 3rd, rev. ed. |
| 主題: | |
| 標簽: |
沒有標簽, 成為第一個標記此記錄!
|
MARC
| LEADER | 00000cam a22000002 4500 | ||
|---|---|---|---|
| 001 | 0000001272 | ||
| 005 | 20171002025400.0 | ||
| 008 | 060823s xx 000 0 eng d | ||
| 020 | |a 996693636x | ||
| 035 | |a (Daystar)0000033189 | ||
| 040 | |a Daystar |d Esokpor | ||
| 100 | 1 | |a Lundstrom, Karl-Johan. | |
| 245 | 1 | 0 | |a Communicating for development : |b a practical guide / |c by Karl-Johan Lundstrom. |
| 250 | |a 3rd, rev. ed. | ||
| 260 | |a Nairobi : |b Lutheran World Federation, |c c1990. | ||
| 300 | |a x, 123p : |b ill ; |c cm. | ||
| 650 | 0 | |a Community development. | |
| 700 | 1 | |a Smith, Donald K. | |
| 908 | |a 110119 | ||
| 942 | |c TBL | ||
| 952 | |0 0 |1 0 |4 0 |6 HN_49_000000000000000_C6L8 |7 0 |9 107943 |a DUN |b DUN |c TBL |d 2017-09-28 |g 12603.00 |l 0 |o TBL HN49.C6L8 |p BK044451 |r 2017-09-28 00:00:00 |w 2017-09-28 |y TBL | ||
| 999 | |c 42946 |d 42946 | ||